000 00426pab a2200169 454500
008 180718b2011 xxu||||| |||| 00| 0 eng d
100 _aGuru, Gupal
245 _aThe language of social sciences in India.
260 _c2011
300 _ap.145-159.
362 _aJul-Dec
650 _aSocial sciences - India
650 _aSocial Sciences
773 _aReview of Development and Change
908 _aN
909 _a94744
999 _c94744
_d94744